<?xml version="1.0" encoding="UTF-8"?><?xml-stylesheet type="text/xsl" href="static/style.xsl"?><OAI-PMH xmlns="http://www.openarchives.org/OAI/2.0/" xmlns:xsi="http://www.w3.org/2001/XMLSchema-instance" xsi:schemaLocation="http://www.openarchives.org/OAI/2.0/ http://www.openarchives.org/OAI/2.0/OAI-PMH.xsd"><responseDate>2026-06-03T11:42:50Z</responseDate><request verb="GetRecord" identifier="oai:riuma.uma.es:10630/38087" metadataPrefix="marc">https://riuma.uma.es/rest/oai/request</request><GetRecord><record><header><identifier>oai:riuma.uma.es:10630/38087</identifier><datestamp>2026-02-03T11:13:35Z</datestamp><setSpec>com_10630_2254</setSpec><setSpec>col_10630_37953</setSpec></header><metadata><record xmlns="http://www.loc.gov/MARC21/slim" xmlns:dcterms="http://purl.org/dc/terms/" xmlns:doc="http://www.lyncode.com/xoai" xmlns:xsi="http://www.w3.org/2001/XMLSchema-instance" xsi:schemaLocation="http://www.loc.gov/MARC21/slim http://www.loc.gov/standards/marcxml/schema/MARC21slim.xsd">
   <leader>00925njm 22002777a 4500</leader>
   <datafield ind2=" " ind1=" " tag="042">
      <subfield code="a">dc</subfield>
   </datafield>
   <datafield ind2=" " ind1=" " tag="720">
      <subfield code="a">Rando-Cueto, Dolores</subfield>
      <subfield code="e">author</subfield>
   </datafield>
   <datafield ind2=" " ind1=" " tag="720">
      <subfield code="a">De-las-Heras-Pedrosa, Carlos</subfield>
      <subfield code="e">author</subfield>
   </datafield>
   <datafield ind2=" " ind1=" " tag="720">
      <subfield code="a">Paniagua-Rojano, Francisco Javier</subfield>
      <subfield code="e">author</subfield>
   </datafield>
   <datafield ind2=" " ind1=" " tag="260">
      <subfield code="c">2024-07-03</subfield>
   </datafield>
   <datafield ind2=" " ind1=" " tag="520">
      <subfield code="a">Las redes sociales, especialmente Twitter (ahora X), se han convertido en plataformas clave para la difusión de información falsa o sesgada por líderes políticos, afectando la percepción pública y la democracia. Se analiza cómo esta desinformación influye en la opinión pública y exacerba la polarización política.  La investigación se basa en una revisión sistemática de la literatura sobre desinformación política y un análisis de la actividad en X de líderes políticos españoles durante eventos significativos entre 2021 y 2022. Se analizaron los tuits de seis representantes políticos, incluidos el presidente del gobierno y portavoces de los principales partidos en el Congreso. Los eventos estudiados fueron: la Ley Trans, el cruce de inmigrantes en Melilla, el regreso del rey emérito Juan Carlos I y la Cumbre de la OTAN en Madrid. El análisis reveló que la mayoría de los mensajes políticos en X carecen de transparencia y están cargados de tono emocional, con predominio de acusaciones y críticas. Los mensajes sobre la Ley Trans fueron los más numerosos, destacando términos como derechos humanos, igualdad y feminismo, mientras que otros se centraron en la derogación de leyes y críticas al gobierno. La actividad en X muestra una tendencia hacia la polarización, con pocos mensajes asépticos y un alto nivel de reacciones emocionales y controversiales.  La investigación concluye que la desinformación en la comunicación política en X es significativa y contribuye al desorden informativo, debilitando la confianza pública en las instituciones democráticas. La alta frecuencia de mensajes emocionales y contradictorios fomenta la inseguridad y la polarización política. Se destaca la necesidad de programas de alfabetización mediática para capacitar a los ciudadanos en la identificación y evaluación crítica de la información en redes sociales.</subfield>
   </datafield>
   <datafield ind1="8" ind2=" " tag="024">
      <subfield code="a">Rando Cueto, D., De las Heras-Pedrosa, C., &amp; Paniagua-Rojano, F. J. (2024). Análisis sobre desinformación política en los discursos de líderes del Gobierno español vía X . Revista Latina De Comunicación Social, (83), 1–24. https://doi.org/10.4185/rlcs-2025-2308</subfield>
   </datafield>
   <datafield ind1="8" ind2=" " tag="024">
      <subfield code="a">https://hdl.handle.net/10630/38087</subfield>
   </datafield>
   <datafield ind1="8" ind2=" " tag="024">
      <subfield code="a">10.4185/rlcs-2025-2308</subfield>
   </datafield>
   <datafield tag="653" ind2=" " ind1=" ">
      <subfield code="a">Comunicación en política - España</subfield>
   </datafield>
   <datafield tag="653" ind2=" " ind1=" ">
      <subfield code="a">Redes sociales en Internet - Aspectos políticos</subfield>
   </datafield>
   <datafield ind2="0" ind1="0" tag="245">
      <subfield code="a">Análisis sobre desinformación política en los discursos de líderes del Gobierno español vía X.</subfield>
   </datafield>
</record>
</metadata></record></GetRecord></OAI-PMH>